| 000 | 00788nam a2200241 i 4500 | ||
|---|---|---|---|
| 001 | C2-0168300 | ||
| 003 | PPAK | ||
| 005 | 20180728090729.0 | ||
| 008 | 980716s xx |||| ||||| | may d | ||
| 040 |
_aPPAK _beng _cPPAK _erda |
||
| 082 | 0 | 4 |
_a324.2595 _2 23 |
| 090 | 0 | 0 |
_a324.2595 _bSEJ _dKK |
| 100 | 0 |
_aAsmaniza bt. Mansor, _eauthor |
|
| 245 | 1 | 0 |
_aSejarah UMNO _bTan Sri Azahari b. Taib |
| 264 | 1 |
_aAlor Setar, Kedah : _bPerbadanan Perpustakaan Awam Kedah , |
|
| 300 |
_a12 pages ; _c30 cm |
||
| 336 |
_2rdacontent _atext |
||
| 337 |
_2rdamedia _aunmediated |
||
| 338 |
_2rdacarrier _avolume |
||
| 500 | _aTemubual En. Zahidi Dato' Haji Zainol Rashid dengan Tan Sri Azahari Taib ; PK 313/96 ; Transkripsi | ||
| 650 | 1 | 0 | _aPolitical parties - Malaysia - History |
| 942 |
_ddc _cB |
||
| 999 |
_c152466 _d152466 |
||